00388 2200157 4500245005800000020001800058250001200076100001700088650001700105005001900122260003000141041001400171084000800185300002800193336000900221 aTolong , Radith Membuat Saya BegocRaditya DikahText a979-780-239-6 aCet. 22 aRaditya Dika aNovel Komedi a20230119083832 aJakartabGagasMediac2008 aIndonesia a813 axvi, 132 hlm. :c19 cm. atext